000 00301nam a2200133 i 4500
001 bg
100 1 _aSŁODOWY, Adam
245 0 _aLubię majsterkować /
_cAdam Słodowy.
260 _aWarszawa,
_c1980.
040 _cBPK
041 _apol
942 _cKS
008 s pl f |000 0 pol
999 _c21517
_d21517
856 _uhttp://koha.tu.koszalin.pl/cgi-bin/koha/opac-detail.pl?biblionumber=21517
_yKatalog online BPK